[Event "ch-FRA"]
[Site "Val d'Isere FRA"]
[Date "2002.08.19"]
[Round "1"]
[White "Vaisser,A"]
[Black "Fontaine,R"]
[Result "1-0"]
[WhiteElo "2581"]
[BlackElo "2514"]
[EventDate "2002.08.19"]

1. d4 d5 2. c4 c6 3. Nc3 Nf6 4. cxd5 cxd5 5. Bf4 Nc6 6. e3 a6 7. Bd3 Bg4 8.
Nge2 e6 9. Rc1 Rc8 10. Bg5 Bh5 11. O-O Bg6 12. Nf4 Bxd3 13. Nxd3 Be7 14.
Qb3 Na5 15. Qa4+ Nc6 16. Bxf6 Bxf6 17. Nc5 Qe7 18. Qb3 Rc7 19. Qb6 O-O 20.
Ne2 Nb8 21. Rc3 Rc6 22. Qxb7 Qxb7 23. Nxb7 Rb6 24. Rb3 Rxb3 25. axb3 Rc8
26. Rc1 Rxc1+ 27. Nxc1 Kf8 28. Nd3 Ke7 29. Kf1 Kd7 30. Ke2 Kc6 31. Nbc5 Kb5
32. Kd2 Nc6 33. Nd7 Be7 34. N7e5 Nd8 35. Kc3 a5 36. g4 f6 37. Nf3 Bd6 38.
h3 Nc6 39. Nf4 Bxf4 40. exf4 Kb6 41. Ne1 Nb4 42. Ng2 Kc6 43. Ne3 Kd6 44.
Kd2 Nc6 45. Kc3 Nb4 46. g5 f5 47. Kd2 Nc6 48. Nc2 Nb4 49. Ne1 Ke7 50. Nc2
Kd6 51. Ne1 Ke7 52. h4 g6 53. Nf3 Nc6 54. Kc3 Kd6 55. Ng1 Nb4 56. Ne2 Kc7
57. Ng3 Nc6 58. h5 Kb6 59. h6 Kb5 60. Ne2 Nb4 61. Ng1 Na2+ 62. Kd2 Nb4 63.
Nf3 Nc6 64. Kc3 Kb6 65. Nh4 Ne7 66. b4 a4 67. Nf3 Nc6 68. Ne1 Na7 69. Nd3
Nb5+ 70. Kd2 Nd6 71. Nc5 Ne4+ 72. Kc2 Nxf2 73. Nxa4+ Kc7 74. Nc5 Kd6 75. b5
Nh3 76. Nd3 Ng1 77. Kd2 Nf3+ 78. Ke3 Nh2 79. Ke2 Ng4 80. b3 Kc7 81. Nc5 1-0

[Event "ch-FRA"]
[Site "Val d'Isere FRA"]
[Date "2002.08.19"]
[Round "1"]
[White "Sokolov,And"]
[Black "Fressinet,L"]
[Result "1-0"]
[WhiteElo "2587"]
[BlackElo "2619"]
[EventDate "2002.08.19"]

1. e4 e5 2. Nf3 Nf6 3. Nxe5 d6 4. Nf3 Nxe4 5. d4 d5 6. Bd3 Bd6 7. O-O O-O
8. c4 c6 9. Qc2 Na6 10. a3 f5 11. Nc3 Nc7 12. Ne2 Ne6 13. b4 Bd7 14. cxd5
cxd5 15. Qb3 Be8 16. Ne5 Bc7 17. Be3 Bf7 18. f3 Bxe5 19. dxe5 d4 20. fxe4
dxe3 21. Bc4 Nd4 22. Qa2 Nxe2+ 23. Qxe2 Qe7 24. Rxf5 Bxc4 25. Qxc4+ Kh8 26.
Qc3 Rae8 27. Qxe3 Rxf5 28. exf5 Qxe5 29. Qxe5 Rxe5 30. Rc1 h5 31. Rc7 Rxf5
32. Rxb7 a5 33. Rc7 axb4 34. axb4 Rf4 35. b5 Rb4 36. Rc5 h4 37. Kf2 Kh7 38.
Ke3 Rb2 39. Kd4 Kh6 40. Kc3 Rxg2 41. b6 Rg6 42. Rb5 Rc6+ 43. Kb4 Rc8 44. b7
Rb8 45. Ka5 1-0

[Event "ch-FRA"]
[Site "Val d'Isere FRA"]
[Date "2002.08.19"]
[Round "1"]
[White "Marcelin,C"]
[Black "Bauer,Ch"]
[Result "1/2-1/2"]
[WhiteElo "2470"]
[BlackElo "2550"]
[EventDate "2002.08.19"]

1. c4 e5 2. g3 Nf6 3. Bg2 Nc6 4. Nc3 Bc5 5. a3 O-O 6. e3 a6 7. Nge2 d6 8.
d4 Ba7 9. h3 Re8 10. O-O h6 11. Kh2 exd4 12. exd4 Ne7 13. b4 d5 14. c5 c6
15. Ra2 Nf5 16. Qd3 Bd7 17. a4 Bb8 18. Bf4 Bxf4 19. Nxf4 Qc7 20. Re2 g5 21.
Rxe8+ Rxe8 22. Nfe2 Nh4 23. Kh1 Bf5 24. Qd2 Nxg2 25. Kxg2 Ne4 26. Nxe4 dxe4
27. Qe3 Be6 28. Nc3 Qd7 29. g4 f5 30. gxf5 Bc4 31. Re1 Qxf5 32. Qg3 Kh8 33.
Nd1 Bf7 34. Ne3 Qd7 35. Qg4 Be6 36. Qh5 Kg7 37. Ng4 Bxg4 38. Qxg4 Qxd4 39.
Rd1 Qf6 40. Rd6 Qf7 41. h4 Re5 42. h5 Re7 43. Qd1 Kh7 44. Rd8 Qf5 45. Rh8+
Kxh8 46. Qd8+ Kg7 47. Qxe7+ Qf7 48. Qxe4 Qxh5 49. Qe5+ Kf7 50. Qf5+ Ke7 51.
Qe5+ Kd7 52. Qd6+ Kc8 53. Qf8+ 1/2-1/2

[Event "ch-FRA"]
[Site "Val d'Isere FRA"]
[Date "2002.08.19"]
[Round "1"]
[White "Bricard,E"]
[Black "Dorfman,J"]
[Result "1/2-1/2"]
[WhiteElo "2454"]
[BlackElo "2617"]
[EventDate "2002.08.19"]

1. e4 d5 2. exd5 Qxd5 3. Nc3 Qa5 4. g3 Nf6 5. Bg2 c6 6. Nf3 Bg4 7. h3 Bxf3
8. Qxf3 e6 9. O-O Nbd7 10. d3 Bd6 11. Bd2 Qc7 12. Nd1 O-O 13. Ne3 Nd5 14.
c4 Nxe3 15. Qxe3 a5 16. Bc3 Bb4 17. Rab1 e5 18. d4 exd4 19. Qxd4 Bxc3 20.
Qxc3 Nc5 21. b3 Rfd8 22. a3 Rd3 23. Qc2 Rad8 24. b4 Ne6 25. Qa4 axb4 26.
axb4 h5 27. h4 g6 28. c5 Nd4 29. Rfe1 Rd2 30. Re3 Qd7 31. Rf1 Re8 32. Rxe8+
Qxe8 33. Qa1 Qd8 34. Kh2 Nb5 35. Qe5 Nd4 36. Re1 Rb2 37. Qd6 Qxd6 38. cxd6
Ne6 39. Bh3 Rxf2+ 40. Kg1 Rd2 41. Bxe6 fxe6 42. Rxe6 Kf7 43. Re7+ Kf6 44.
Rxb7 1/2-1/2

[Event "ch-FRA"]
[Site "Val d'Isere FRA"]
[Date "2002.08.20"]
[Round "2"]
[White "Vaisser,A"]
[Black "Sokolov,And"]
[Result "1-0"]
[WhiteElo "2581"]
[BlackElo "2587"]
[EventDate "2002.08.19"]

1. Nf3 Nf6 2. c4 e6 3. Nc3 Bb4 4. g4 O-O 5. g5 Ne8 6. Rg1 d5 7. Qb3 Bxc3 8.
Qxc3 Nd6 9. b3 Ne4 10. Qc2 c5 11. Bb2 Nc6 12. a3 b6 13. e3 f5 14. gxf6 Nxf6
15. cxd5 exd5 16. Ng5 d4 17. Bg2 Bd7 18. Bxc6 Bxc6 19. Bxd4 cxd4 20. Qxc6
dxe3 21. fxe3 Rc8 22. Qe6+ Kh8 23. Nf7+ Rxf7 24. Qxf7 Rc7 25. Qe6 h6 26.
Ke2 Re7 27. Qf5 Ne4 28. Ra2 Qc7 29. Rg2 Re8 30. Qg6 Qe5 31. Rc2 Rf8 32. Rc6
Ng5 33. h4 Qb5+ 34. Rc4 Qxb3 35. Qc2 1-0

[Event "ch-FRA"]
[Site "Val d'Isere FRA"]
[Date "2002.08.20"]
[Round "2"]
[White "Fressinet,L"]
[Black "Marcelin,C"]
[Result "1/2-1/2"]
[WhiteElo "2619"]
[BlackElo "2470"]
[EventDate "2002.08.19"]

1. d4 Nf6 2. c4 e6 3. Nf3 d5 4. Nc3 Be7 5. Bg5 O-O 6. e3 h6 7. Bxf6 Bxf6 8.
Qb3 dxc4 9. Bxc4 c5 10. dxc5 Nd7 11. Qa3 Bxc3+ 12. Qxc3 Nxc5 13. O-O b6 14.
Rfd1 Qf6 15. Qxf6 gxf6 16. Rac1 Bb7 17. b4 Ne4 18. Rd7 Rfc8 19. Rxb7 Nd6
20. Rd7 Rxc4 21. Rxc4 Nxc4 22. Rc7 Na3 23. Rb7 Nc2 24. b5 a6 25. Rxb6 axb5
26. Rxb5 Rxa2 27. h3 Ra1+ 28. Kh2 Ne1 29. Nxe1 1/2-1/2

[Event "ch-FRA"]
[Site "Val d'Isere FRA"]
[Date "2002.08.20"]
[Round "2"]
[White "Degraeve,JM"]
[Black "Bricard,E"]
[Result "1/2-1/2"]
[WhiteElo "2586"]
[BlackElo "2454"]
[EventDate "2002.08.19"]

1. e4 e6 2. d4 d5 3. e5 c5 4. c3 Nc6 5. Nf3 Bd7 6. Be2 f6 7. O-O Qb6 8.
dxc5 Bxc5 9. b4 Be7 10. c4 dxc4 11. Na3 Nxe5 12. Nxe5 fxe5 13. Nxc4 Qxb4
14. a4 Nf6 15. Nxe5 Qd6 16. Nxd7 Qxd1 17. Rxd1 Nxd7 18. Bb2 Bf6 19. Bb5
O-O-O 20. Rac1+ Kb8 21. Bxd7 Bxb2 22. Rb1 Ba3 23. Bxe6 Rhe8 24. Bd5 Re7 25.
Rd3 b6 26. Kf1 Bc5 1/2-1/2

[Event "ch-FRA"]
[Site "Val d'Isere FRA"]
[Date "2002.08.21"]
[Round "3"]
[White "Marcelin,C"]
[Black "Vaisser,A"]
[Result "1/2-1/2"]
[WhiteElo "2470"]
[BlackElo "2581"]
[EventDate "2002.08.19"]

1. d4 e6 2. c4 Nf6 3. Nc3 d5 4. cxd5 exd5 5. Bg5 Be7 6. e3 Nbd7 7. Bd3 c6
8. Nf3 O-O 9. Qc2 Re8 10. O-O Nf8 11. h3 g6 12. Rab1 Ne6 13. Bxf6 Bxf6 14.
b4 a6 15. a4 Qd6 16. Rfc1 Bd7 17. Qb3 Ng5 18. Nxg5 Bxg5 19. Re1 Bd8 20. Ne2
Bc7 21. Ng3 h5 22. Qd1 Re7 23. Nf1 Kg7 24. Qc2 Rh8 25. b5 axb5 26. axb5 Ra8
27. bxc6 bxc6 28. Ra1 Ree8 29. Rec1 Reb8 30. Rxa8 Rxa8 31. Rb1 Ra7 32. Rb3
Ra5 33. Rb1 c5 34. dxc5 Rxc5 35. Qb2+ f6 36. Rc1 Rxc1 37. Qxc1 d4 38. exd4
Bb6 39. Qe3 Bxd4 40. Qg3 Qxg3 41. Nxg3 f5 42. Ne2 Ba7 43. Kf1 Kf6 44. f3
Bc6 45. Bc4 Be3 46. Ke1 Kg5 47. Kf1 Kf6 48. Ke1 Be8 49. Kf1 Ke5 50. Ke1 h4
51. Kf1 Bc6 52. Bf7 g5 53. Bc4 Bb7 54. Bd3 Bd5 55. Ba6 Bb3 56. Bd3 Ba4 57.
Ke1 Bd7 58. Kf1 Bc6 1/2-1/2

[Event "ch-FRA"]
[Site "Val d'Isere FRA"]
[Date "2002.08.21"]
[Round "3"]
[White "Sokolov,And"]
[Black "Fontaine,R"]
[Result "1-0"]
[WhiteElo "2587"]
[BlackElo "2514"]
[EventDate "2002.08.19"]

1. e4 c6 2. d4 d5 3. Nc3 dxe4 4. Nxe4 Bf5 5. Ng3 Bg6 6. h4 h6 7. Nf3 Nd7 8.
h5 Bh7 9. Bd3 Bxd3 10. Qxd3 e6 11. Bf4 Bb4+ 12. c3 Be7 13. O-O-O Ngf6 14.
Kb1 O-O 15. Ne5 Qa5 16. Nxd7 Nxd7 17. Ne4 Qf5 18. Bc1 Rad8 19. g4 Qh7 20.
Qc2 f5 21. g5 Kh8 22. g6 Qg8 23. Ng3 Bd6 24. Ne2 Nf6 25. Bf4 Rfe8 26. Bxd6
Rxd6 27. Nf4 Qf8 28. Nd3 Nd7 29. Rde1 b6 30. Rh3 c5 31. Rhe3 cxd4 32. cxd4
Rxd4 33. Rxe6 Re4 34. R1xe4 fxe4 35. Nf4 Nc5 36. Rxe8 Qxe8 37. Qd2 Nd7 38.
Nd5 Qf8 39. Qd4 Qd6 40. Qc4 Qf8 41. Qxe4 Qxf2 42. Qe8+ Nf8 43. a4 Qf1+ 44.
Kc2 Qc4+ 45. Nc3 Kg8 46. Qb8 Qg4 47. Qxa7 Qf5+ 48. Kb3 Qe6+ 49. Ka3 Qd6+
50. b4 Qf6 51. Qc7 Ne6 52. Qc8+ Nd8 53. a5 bxa5 54. bxa5 Kf8 55. a6 Ke8 56.
Kb4 Qd6+ 57. Kb5 Qd3+ 58. Ka5 Qd4 59. Nb5 Qd2+ 60. Kb6 Qe3+ 61. Qc5 Qf3 62.
Nc7+ Kd7 63. Qd5+ 1-0

[Event "ch-FRA"]
[Site "Val d'Isere FRA"]
[Date "2002.08.21"]
[Round "3"]
[White "Bricard,E"]
[Black "Bauer,Ch"]
[Result "0-1"]
[WhiteElo "2454"]
[BlackElo "2550"]
[EventDate "2002.08.19"]

1. c4 c5 2. Nf3 Nc6 3. Nc3 Nf6 4. g3 d5 5. cxd5 Nxd5 6. Bg2 Nc7 7. O-O e5
8. Ne1 h5 9. Nf3 Be7 10. h4 Bg4 11. d3 Qd7 12. a4 O-O 13. Nd2 Ne6 14. Nc4
Ned4 15. Be3 Rfe8 16. Re1 Bf8 17. a5 Nb4 18. Bxd4 cxd4 19. Ne4 Rab8 20. Bf3
b5 21. axb6 axb6 22. Qd2 Bxf3 23. exf3 f6 24. Rec1 Rec8 25. Qd1 b5 26. Ncd2
Qd5 27. Nb3 f5 28. Ng5 Be7 29. Rxc8+ Rxc8 30. Rc1 Rxc1 31. Nxc1 Bxg5 32.
hxg5 f4 33. Qe1 Nc6 34. Kg2 Kf7 35. Ne2 fxg3 36. fxg3 Kg6 37. Qd2 Ne7 38.
Kf2 Nf5 39. Qf4 Ne3 40. Qf8 Qe6 41. Qa8 Nd1+ 42. Kg2 Nxb2 43. Qe4+ Qf5 44.
Qc6+ Kh7 45. Qxb5 Nd1 46. f4 Ne3+ 47. Kh2 Qg4 0-1

[Event "ch-FRA"]
[Site "Val d'Isere FRA"]
[Date "2002.08.22"]
[Round "4"]
[White "Fressinet,L"]
[Black "Bricard,E"]
[Result "1/2-1/2"]
[WhiteElo "2619"]
[BlackElo "2454"]
[EventDate "2002.08.19"]

1. e4 e6 2. d4 d5 3. Nc3 h6 4. Bd3 Bb4 5. exd5 exd5 6. a3 Be7 7. Qf3 Nf6 8.
h3 c5 9. dxc5 Nc6 10. Nge2 Bxc5 11. Bf4 Be6 12. O-O-O a6 13. Bc4 d4 14.
Bxe6 fxe6 15. Ne4 Nxe4 16. Qxe4 Qf6 17. Bg3 O-O-O 18. Nf4 Rhe8 19. Nd3 Bd6
20. Bxd6 Rxd6 21. Rde1 e5 22. Re2 Rde6 23. Rhe1 R6e7 24. Kb1 g6 25. Qd5 Kc7
26. Re4 g5 27. g3 Qd6 28. Qxd6+ Kxd6 29. Kc1 h5 30. Kd2 b5 31. R1e2 a5 32.
b3 Re6 33. Ke1 Kd5 34. f3 Nd8 35. Kf2 Nf7 36. Re1 Nd6 37. R4e2 e4 38. fxe4+
Nxe4+ 39. Kg2 Nc3 40. Rxe6 Rxe6 41. Rxe6 Kxe6 42. Kf3 Nb1 43. a4 bxa4 44.
bxa4 Kd5 45. h4 gxh4 46. gxh4 Nc3 47. Nf4+ Kc4 48. Nxh5 Nxa4 49. Nf4 Nc5
50. h5 a4 51. h6 a3 52. h7 a2 53. h8=Q a1=Q 54. Qg8+ Kb5 55. Qb8+ Kc4 56.
Qg8+ Kb5 57. Qb8+ Kc4 58. Qg8+ 1/2-1/2

[Event "ch-FRA"]
[Site "Val d'Isere FRA"]
[Date "2002.08.22"]
[Round "4"]
[White "Sokolov,And"]
[Black "Marcelin,C"]
[Result "1/2-1/2"]
[WhiteElo "2587"]
[BlackElo "2470"]
[EventDate "2002.08.19"]

1. e4 e5 2. Nf3 Nc6 3. Bb5 Nf6 4. O-O Nxe4 5. d4 Nd6 6. Bxc6 dxc6 7. dxe5
Nf5 8. Qxd8+ Kxd8 9. Nc3 Ke8 10. h3 Be7 11. g4 Nh4 12. Nxh4 Bxh4 13. Kg2 h5
14. f3 Be7 15. Be3 Be6 16. Rad1 a5 17. a4 Rd8 18. b3 Rd7 19. Ne2 Rd5 20.
Bd4 hxg4 21. hxg4 c5 22. Bc3 Rxd1 23. Rxd1 c4 24. bxc4 Bxc4 25. Ng3 b6 26.
Nf5 Rh7 27. e6 fxe6 28. Nxg7+ Kf8 29. Rd7 Bd5 30. Be5 c6 31. Rb7 b5 32.
axb5 cxb5 33. Rxb5 Rxg7 34. Bxg7+ Kxg7 35. Rxa5 Kf6 36. Ra4 Bc6 37. Rc4 Bd5
38. Ra4 Bc6 39. Rf4+ Kg6 40. Rc4 Bd5 41. Rc8 Bd6 42. c4 Bb7 43. Rd8 Bf4 44.
Rd7 Bc6 45. Ra7 Kf6 46. Ra6 Bb7 47. Rb6 Ba8 48. Kf2 Bc7 49. Rb5 Bc6 50. Rh5
Bf4 51. Rc5 Bb7 52. Rb5 Bc6 53. Rb6 Ba8 54. Ke2 Ke5 55. Rb8 Bc6 56. Rg8 Kf6
57. Rf8+ Ke5 58. Kf2 Bb7 59. c5 Bc6 60. Kg2 Bb7 61. Kf2 Bc6 62. Rc8 Bb7 63.
Rc7 Bd5 64. c6 Kf6 65. Rc8 Ke7 66. Kg2 Kd6 67. c7 Kd7 68. Rf8 1/2-1/2

[Event "ch-FRA"]
[Site "Val d'Isere FRA"]
[Date "2002.08.24"]
[Round "6"]
[White "Fontaine,R"]
[Black "Degraeve,JM"]
[Result "1/2-1/2"]
[WhiteElo "2514"]
[BlackElo "2586"]
[EventDate "2002.08.19"]

1. e4 e5 2. Nf3 Nc6 3. Bc4 Nf6 4. d3 Bc5 5. O-O d6 6. c3 O-O 7. Nbd2 a6 8.
Bb3 Ba7 9. h3 h6 10. Re1 Be6 11. Nc4 Bxc4 12. Bxc4 Na5 13. Bb3 Nxb3 14.
axb3 Re8 15. Be3 Bxe3 16. Rxe3 Nh7 17. Re1 Ng5 18. Nxg5 1/2-1/2

[Event "ch-FRA"]
[Site "Val d'Isere FRA"]
[Date "2002.08.24"]
[Round "6"]
[White "Bauer,Ch"]
[Black "Dorfman,J"]
[Result "1/2-1/2"]
[WhiteElo "2550"]
[BlackElo "2617"]
[EventDate "2002.08.19"]

1. d4 d5 2. c4 c6 3. Nc3 Nf6 4. e3 a6 5. Nf3 b5 6. b3 Bg4 7. Bd2 Nbd7 8. h3
Bxf3 9. Qxf3 e6 10. Bd3 Ba3 11. O-O O-O 12. Rfd1 Re8 13. Be1 e5 14. cxd5
cxd5 15. dxe5 Nxe5 16. Qf4 Qe7 17. Bf1 Rad8 18. Rab1 Nc6 19. Qf3 Qe6 20.
Ne2 Ne5 21. Qf4 Ng6 22. Qd4 Bd6 23. a4 Ne4 24. axb5 axb5 25. b4 h5 26. Nc3
Be5 27. Qd3 Bxc3 28. Bxc3 Ne5 29. Bxe5 Qxe5 30. Rbc1 Qb2 31. Rc2 Qxb4 32.
Qxb5 Qxb5 33. Bxb5 Re6 34. Bd3 Nf6 35. Be2 Red6 36. Rd4 Kf8 37. Bf3 Ke7 38.
g4 hxg4 39. hxg4 g5 40. Kg2 Ke6 1/2-1/2

[Event "ch-FRA"]
[Site "Val d'Isere FRA"]
[Date "2002.08.25"]
[Round "7"]
[White "Bricard,E"]
[Black "Marcelin,C"]
[Result "1-0"]
[WhiteElo "2454"]
[BlackElo "2470"]
[EventDate "2002.08.19"]

1. e4 c5 2. Nc3 d6 3. g3 Nc6 4. Bg2 g6 5. d3 Bg7 6. Nge2 Rb8 7. a3 b5 8.
Rb1 a5 9. a4 b4 10. Nb5 Nd4 11. c4 Bg4 12. Nbxd4 cxd4 13. h3 Bxe2 14. Qxe2
Qc7 15. b3 Nf6 16. Rb2 Nd7 17. f4 e6 18. h4 h5 19. O-O Kf8 20. f5 Kg8 21.
Bh3 Re8 22. Qf2 Ne5 23. f6 Bh6 24. Bxh6 Rxh6 25. Qxd4 Qc5 26. Qf2 Nxd3 27.
Qxc5 Nxc5 28. Rd1 Nxe4 29. Bg2 Nxf6 30. Rxd6 Rc8 31. Rb6 Nd7 32. Rb5 Nc5
33. Rxa5 g5 34. Rb5 gxh4 35. gxh4 Rg6 36. a5 Rg3 37. Kh2 Rc3 38. Rxb4 Nd3
39. Bb7 Rd8 40. Rg2+ Kf8 41. Rd2 Rd4 42. Rb5 Rxh4+ 43. Kg1 Rg4+ 44. Kf1
Rc1+ 45. Ke2 Nf4+ 46. Ke3 e5 47. Rf2 Rc3+ 48. Kd2 Rgg3 49. Be4 Rxb3 50. Bc2
Rxb5 51. cxb5 Ra3 52. a6 Ne6 53. Bd3 Nc5 54. Bc4 Ne4+ 55. Ke2 Nc3+ 56. Kf1
Nxb5 57. Bxb5 Ke7 58. Rd2 Ra5 59. Rd7+ Ke6 60. a7 Ra1+ 61. Ke2 e4 62. Rb7
Kd5 63. Rxf7 Kc5 64. Rb7 h4 65. Bd7 Ra3 66. Bf5 Kd4 67. Rd7+ Ke5 68. Bh3
Ra2+ 69. Ke3 Ra3+ 70. Kd2 e3+ 71. Ke2 Kf4 72. Rf7+ Kg3 73. Be6 h3 74. Bd5
1-0

[Event "ch-FRA"]
[Site "Val d'Isere FRA"]
[Date "2002.08.25"]
[Round "7"]
[White "Degraeve,JM"]
[Black "Bauer,Ch"]
[Result "1-0"]
[WhiteElo "2586"]
[BlackElo "2550"]
[EventDate "2002.08.19"]

1. e4 e6 2. d4 d5 3. Nc3 Nf6 4. Bg5 dxe4 5. Nxe4 Be7 6. Bxf6 gxf6 7. Nf3 f5
8. Nc3 Bf6 9. Qd2 c5 10. d5 exd5 11. Nxd5 Bxb2 12. Rd1 Be6 13. Bc4 Bg7 14.
O-O O-O 15. Qf4 Nd7 16. Rfe1 Rc8 17. Ng5 Rc6 18. Nxe6 fxe6 19. Rxe6 Kh8 20.
Rxc6 bxc6 21. Nc7 Be5 22. Qh6 Rf6 23. Qg5 Bxh2+ 24. Kxh2 Qxc7+ 25. Kg1 Qd8
26. Rxd7 1-0

[Event "ch-FRA"]
[Site "Val d'Isere FRA"]
[Date "2002.08.27"]
[Round "8"]
[White "Fontaine,R"]
[Black "Bauer,Ch"]
[Result "1-0"]
[WhiteElo "2514"]
[BlackElo "2550"]
[EventDate "2002.08.19"]

1. e4 e5 2. Nf3 d6 3. d4 exd4 4. Nxd4 Nf6 5. Nc3 g6 6. Bg5 Bg7 7. Qd2 h6 8.
Bf4 Nc6 9. Bb5 Bd7 10. Bxc6 bxc6 11. O-O g5 12. Be3 Ng4 13. Nf5 Be5 14. g3
Qf6 15. Rae1 Rg8 16. Bd4 Bxf5 17. exf5 Kf8 18. Bxe5 Nxe5 19. f4 Nc4 20. Qe2
d5 21. Ne4 Qd4+ 22. Nf2 gxf4 23. Qe7+ Kg7 24. Re6 Kh7 25. Qxf7+ Qg7 26. Qh5
Ne3 27. Rg6 Qf8 28. Nh3 Nxf5 29. Ng5+ Kh8 30. Ne6 Qf7 31. Rxh6+ Nxh6 32.
Qxh6+ Qh7 33. Qf6+ Rg7 34. Rxf4 Qg6 35. Nxg7 Qxf6 36. Rxf6 Kxg7 37. Rxc6
Rc8 38. Kf2 Kf7 39. h4 1-0

[Event "ch-FRA"]
[Site "Val d'Isere FRA"]
[Date "2002.08.27"]
[Round "8"]
[White "Fressinet,L"]
[Black "Degraeve,JM"]
[Result "1-0"]
[WhiteElo "2619"]
[BlackElo "2586"]
[EventDate "2002.08.19"]

1. e4 e5 2. Nf3 Nf6 3. Nxe5 d6 4. Nf3 Nxe4 5. d4 d5 6. Bd3 Bd6 7. O-O O-O
8. c4 c6 9. Qc2 Na6 10. a3 Re8 11. Nc3 Bg4 12. Nxe4 dxe4 13. Bxe4 Bxf3 14.
Bxf3 Qh4 15. g3 Qxd4 16. Bg5 Qe5 17. Qd2 Qf5 18. Bg2 Nc5 19. Be3 Bf8 20.
Rad1 a5 21. b4 axb4 22. axb4 Ne6 23. b5 Rad8 24. Qb2 Rxd1 25. Rxd1 Qg4 26.
Qc2 cxb5 27. cxb5 Rc8 28. h3 Rxc2 29. hxg4 Bc5 30. Bxb7 Bxe3 31. fxe3 Rb2
32. Bc6 Kf8 33. Rd7 h6 34. Kf1 Nc5 35. Rd5 Na4 36. g5 Nb6 37. Re5 f6 38.
gxf6 gxf6 39. Re4 f5 40. Rf4 Kg7 41. Ke1 Kg6 42. Be8+ Kf6 43. Rd4 Ke5 44.
Bc6 Rc2 45. Kd1 Rc5 46. Kd2 Nc4+ 47. Ke2 Nd6 48. Rb4 Rc2+ 49. Kd3 Rc1 50.
Bf3 1-0

[Event "ch-FRA"]
[Site "Val d'Isere FRA"]
[Date "2002.08.27"]
[Round "8"]
[White "Vaisser,A"]
[Black "Dorfman,J"]
[Result "0-1"]
[WhiteElo "2581"]
[BlackElo "2617"]
[EventDate "2002.08.19"]

1. d4 d5 2. c4 c6 3. Nc3 Nf6 4. cxd5 cxd5 5. Bf4 Nc6 6. e3 a6 7. Bd3 Bg4 8.
Nge2 e6 9. Rc1 Bd6 10. f3 Bh5 11. a3 Bg6 12. O-O O-O 13. b4 Rc8 14. Na4 Ne8
15. Nc5 Bxf4 16. Nxf4 Bxd3 17. Qxd3 Nd6 18. e4 Qg5 19. Ne2 dxe4 20. fxe4
Qe7 21. e5 Nb5 22. a4 Nba7 23. b5 axb5 24. axb5 Nxe5 25. Qe4 Ng6 26. b6 Nc6
27. Rc4 Nd8 28. Rfc1 Rc6 29. Na4 f5 30. Qe3 Rxc4 31. Rxc4 e5 32. dxe5 Nxe5
33. Rc7 Qb4 34. Qc3 Qb1+ 35. Nc1 Nef7 36. h3 Re8 37. Kh2 Qe4 38. Rc4 Qe6
39. Nd3 Qd6+ 40. Kg1 h6 41. Rd4 Qg3 42. Nf2 Qg6 43. Kh2 Qe6 44. Rd2 Re7 45.
Qd4 Nc6 46. Qc3 Nce5 47. Nd3 Nxd3 48. Rxd3 Kh7 49. Qc5 Rd7 50. Re3 Qf6 51.
Nc3 Ng5 52. Qe5 Ne4 53. Qxf6 Nxf6 54. Re5 Kg6 55. Na4 Rd4 56. Ra5 Ne4 57.
Nb2 Rb4 58. Nd3 Rxb6 59. Ne5+ Kh7 60. Nc4 Rb4 61. Ne3 g6 62. Re5 h5 63. Nd5
Rd4 64. Re7+ Kh6 65. Nf4 Nc5 66. g3 h4 67. Rc7 hxg3+ 68. Kxg3 Rxf4 69. Rxc5
Rb4 70. Rc3 Kg5 71. Rd3 b5 72. Rd5 Rb3+ 73. Kg2 b4 74. Rd4 Kh5 75. Rf4 Rb1
76. Rd4 g5 77. Rd8 Rb2+ 78. Kf3 Rb3+ 79. Kg2 f4 80. Rb8 Rg3+ 81. Kh2 b3 82.
Rb7 Rc3 83. Kg2 Rc2+ 84. Kf3 b2 85. Rh7+ Kg6 86. Rb7 Rh2 87. Rb6+ Kh5 88.
Ke4 Kh4 89. Rb3 Re2+ 90. Kd4 0-1

[Event "ch-FRA"]
[Site "Val d'Isere FRA"]
[Date "2002.08.28"]
[Round "9"]
[White "Degraeve,JM"]
[Black "Vaisser,A"]
[Result "1/2-1/2"]
[WhiteElo "2586"]
[BlackElo "2581"]
[EventDate "2002.08.19"]

1. e4 e6 2. d4 d5 3. Nd2 c5 4. Ngf3 Nc6 5. exd5 exd5 6. Bb5 Bd6 7. dxc5
Bxc5 8. O-O Nge7 9. Nb3 Bd6 10. Re1 O-O 11. Bg5 Bg4 12. Be2 Re8 13. Nfd4
Bxe2 14. Qxe2 Qd7 15. Bxe7 Rxe7 16. Qf3 Rae8 17. Rxe7 Qxe7 18. g3 Nxd4 19.
Nxd4 Qe4 20. Rd1 Be5 21. c3 Bxd4 22. Qxe4 Rxe4 23. Rxd4 Rxd4 1/2-1/2

[Event "ch-FRA"]
[Site "Val d'Isere FRA"]
[Date "2002.08.29"]
[Round "10"]
[White "Sokolov,And"]
[Black "Degraeve,JM"]
[Result "1/2-1/2"]
[WhiteElo "2587"]
[BlackElo "2586"]
[EventDate "2002.08.19"]

1. e4 c5 2. Nf3 Nc6 3. d4 cxd4 4. Nxd4 g6 5. c4 Nf6 6. Nc3 d6 7. Be2 Nxd4
8. Qxd4 Bg7 9. Be3 O-O 10. Qd2 Be6 11. f3 Qa5 12. Rc1 Rfc8 13. b3 a6 14.
Na4 1/2-1/2

[Event "ch-FRA"]
[Site "Val d'Isere FRA"]
[Date "2002.08.29"]
[Round "10"]
[White "Fontaine,R"]
[Black "Fressinet,L"]
[Result "1/2-1/2"]
[WhiteElo "2514"]
[BlackElo "2619"]
[EventDate "2002.08.19"]

1. e4 c5 2. Nf3 d6 3. d4 cxd4 4. Nxd4 Nf6 5. Nc3 a6 6. h3 e6 7. g4 d5 8.
exd5 Nxd5 9. Nde2 Bb4 10. Bd2 Nxc3 11. Bxc3 Qxd1+ 12. Rxd1 Bxc3+ 13. Nxc3
Bd7 14. Bg2 Bc6 15. Bxc6+ Nxc6 1/2-1/2

[Event "ch-FRA"]
[Site "Val d'Isere FRA"]
[Date "2002.08.29"]
[Round "10"]
[White "Marcelin,C"]
[Black "Dorfman,J"]
[Result "1/2-1/2"]
[WhiteElo "2470"]
[BlackElo "2617"]
[EventDate "2002.08.19"]

1. e4 e5 2. Nf3 Nc6 3. Bc4 Bc5 4. c3 Nf6 5. d3 d6 6. Nbd2 a6 7. Bb3 O-O 8.
O-O Ba7 9. h3 Ne7 10. Re1 Ng6 11. Nf1 Be6 12. Bc2 h6 13. Ng3 Nh7 14. d4 Nh4
15. Be3 Nxf3+ 16. Qxf3 Qf6 17. Qxf6 1/2-1/2

[Event "ch-FRA"]
[Site "Val d'Isere FRA"]
[Date "2002.08.29"]
[Round "10"]
[White "Vaisser,A"]
[Black "Bauer,Ch"]
[Result "0-1"]
[WhiteElo "2581"]
[BlackElo "2550"]
[EventDate "2002.08.19"]

1. d4 Nf6 2. c4 e6 3. Nc3 Bb4 4. e3 b6 5. Nge2 c5 6. a3 Ba5 7. Rb1 Na6 8.
Bd2 O-O 9. Ng3 Bb7 10. Bd3 d5 11. cxd5 cxd4 12. exd4 Bxc3 13. bxc3 Qxd5 14.
Qe2 Nb8 15. f3 Qa2 16. Bc1 Qxe2+ 17. Kxe2 Rc8 18. Bd2 Ba6 19. Ne4 Bxd3+ 20.
Kxd3 Nc6 21. Rhc1 Nd5 22. a4 Nde7 23. f4 Rd8 24. Rb5 h6 25. Be3 Rac8 26.
Nd2 Nd5 27. Nc4 f6 28. a5 Nc7 29. Rh5 b5 30. Nd2 Nxa5 31. Ra1 Nc4 32. Nxc4
bxc4+ 33. Kc2 Nd5 34. Bd2 f5 35. Rh3 Rd7 36. Rf3 Kf7 37. Rff1 Rb8 38. Ra4
Rc7 39. Rfa1 Rbb7 40. g3 Ke8 41. Ra6 Kf7 42. R1a5 Rd7 43. Rc5 Rbc7 44. Ra4
Nb6 45. Ra6 Kf6 46. h3 Nd5 47. Ra4 Nb6 48. Ra6 Ke7 49. Bc1 Kf7 50. Ra1 Rxc5
51. dxc5 Nd5 52. Ra4 Rc7 53. Rxc4 Ke8 54. Kd3 Kd7 55. Ra4 Kc8 56. Kd4 Kb7
57. Ra3 Rc6 58. g4 Nf6 59. gxf5 exf5 60. Be3 Re6 61. Kd3 Nd5 62. c6+ Kc8
63. Bd2 Rd6 64. Kc2 Kb8 65. Ra5 g6 66. Bc1 Nb6 67. c7+ Kb7 68. Be3 Rc6 69.
Bd4 Rxc7 70. Re5 Nc8 71. Kd3 a6 72. Re8 Re7 73. Rg8 Re6 74. Rg7+ Kc6 75.
Rh7 h5 76. Rh8 Kd7 77. Rh7+ Re7 78. Rh6 Re6 79. Rh7+ Kc6 80. Rh8 Kd7 81.
Rh7+ Kc6 82. Rh8 Nb6 83. c4 a5 84. c5 Nd5 85. Ra8 Nxf4+ 86. Kc4 Re4 87.
Ra6+ Kb7 88. Rf6 Ne6 89. Kd5 Nf4+ 90. Kc4 Ne2 91. Rf7+ Kc6 92. Rf6+ Kc7 93.
Rf7+ Kd8 94. c6 Nxd4 95. c7+ Kc8 96. Kd5 Nb5 97. Kc6 Na7+ 98. Kb6 Re6+ 99.
Kxa7 a4 0-1

[Event "ch-FRA"]
[Site "Val d'Isere FRA"]
[Date "2002.08.30"]
[Round "11"]
[White "Fressinet,L"]
[Black "Vaisser,A"]
[Result "1/2-1/2"]
[WhiteElo "2619"]
[BlackElo "2581"]
[EventDate "2002.08.19"]

1. e4 e6 2. d4 d5 3. Nc3 Nf6 4. Bg5 dxe4 5. Nxe4 Nbd7 6. Nf3 h6 7. Nxf6+
Nxf6 8. Bh4 Be7 9. Bd3 c5 10. Qe2 cxd4 11. O-O-O Bd7 12. Nxd4 Qa5 13. Kb1
Qb6 14. Bb5 Rd8 15. Bxd7+ Rxd7 16. Qb5 Qxb5 17. Nxb5 a6 18. Rxd7 Nxd7 19.
Bxe7 Kxe7 20. Nd4 Rd8 21. Re1 1/2-1/2

[Event "ch-FRA w"]
[Site "Val d'Isere FRA"]
[Date "2002.08.24"]
[Round "6"]
[White "Dacalor,A"]
[Black "Verot,M"]
[Result "1-0"]
[WhiteElo "2123"]
[BlackElo "2077"]
[EventDate "2002.08.19"]

1. d4 d5 2. c4 e6 3. Nc3 c5 4. dxc5 d4 5. Ne4 Nc6 6. Nf3 e5 7. Nd6+ Bxd6 8.
cxd6 Qxd6 9. e4 Nf6 10. Bd3 Bg4 11. a3 a5 12. h3 Bh5 13. b3 O-O 14. O-O
Rfc8 15. Kh1 Rab8 16. Ra2 Nd8 17. g4 Bg6 18. Re1 Ne6 19. Nh4 Nd7 20. Nf5
Bxf5 21. gxf5 Nf4 22. Bxf4 exf4 23. Qf3 Qh6 24. e5 Re8 25. Rae2 Nc5 26. b4
axb4 27. axb4 Nxd3 28. Qxd3 Qh5 29. Kh2 f3 30. Rb2 g5 31. Qxd4 Rbd8 32. Qg4
Qxg4 33. hxg4 Rd4 34. Kg3 Rxc4 35. Kxf3 Rf4+ 36. Kg3 Rc8 37. f6 Rcc4 38. f3
Rc3 39. Rf1 Kf8 40. Rd2 Ke8 41. Kg2 Rfc4 42. Rd5 Rxb4 43. Rfd1 Rc8 44. Rd7
1-0